Top 10 des communes de France par lettre - B - Statistiques

Statistiques générales
  • Ce quiz a été pris 201 fois
  • Le résultat moyen est 7 sur 10
Statistiques - réponses
Région Population Commune % Correct
Nouvelle-Aquitaine 265.328 Bordeaux
98%
Bretagne 140.993 Brest
96%
Bourgogne-Franche-Comté 120.057 Besançon
81%
Île-de-France 120.205 Boulogne-Billancourt
80%
Centre-Val-de-Loire 64.238 Bourges
69%
Occitanie 80.815 Béziers
63%
Nouvelle-Aquitaine 53.312 Bayonne
60%
Hauts-de-France 55.906 Beauvais
54%
Île-de-France 55.270 Bobigny
54%
Île-de-France 51.066 Bondy
28%
Aucun quiz correspondant
Distribution des résultats
% des personnes avec chaque résultat
Percentile par nombre de réponses
Votre historique - résultats
Vous n’avez pas pris ce quiz